00701cam a2200181 a 450000100100000000500170001000800410002704000250006808200170009310000290011024501540013926000370029330000340033065100370036465000360040161100610043765000210049800000571320200929151744.0930914s1992 pr ab 000 0 spa  aDO-SdBNPbspacBNPHU a910.9bP154b1 aPaláu Suárez, Awilda10aBolivar y Hatuey en Puerto Rico :bla participación puertorriqueña en la Expedición en Canoa del Amazonas al Caribe /cAwilda Paláu Suárez. a[San Juan, P.R. :bs.n.],c1992. a162 p. :bil., map. ;c23 cm. 0aAntillasxDescripción Y Viajes 0aCanoas y pirágüaszAntillas24aEXPEDICIÓN EN CANOA DEL AMAZONA AL CARIBEy(1987-1988) 4aViajes y vieajes